000 00470nam a2200169 i 4500
001 bg
100 1 _aPASIECZNY, Leszek
245 0 _aEkonomika i analiza działalności przedsiębiorstwa /
_cLeszek Pasieczny, Jerzy Więckowski.
260 _aWarszawa :
_bPWE,
_c1979.
650 9 _aPrzedsiębiorstwo
_xekonomika
700 1 _aWIĘCKOWSKI, Jerzy
040 _cBPK
041 _apol
080 _a658.1/.5
942 _cKS
008 s pl f |000 0 pol
999 _c18736
_d18736
856 _uhttp://koha.tu.koszalin.pl/cgi-bin/koha/opac-detail.pl?biblionumber=18736
_yKatalog online BPK